Business research for decision making

Main Author: Davis, Duane
Published: Pacific Grove: Duxbury, 2000.
Edition: 5th ed.
Series: Duxbury applied series
Subjects:
LEADER 00705cam a2200229 7i4500
001 0000039238
005 20251117090000.0
020 |a 053437106x (hbk.)  
090 0 0 |a HD30.4   |b .D38 2000 
100 1 |a Davis, Duane  
245 1 0 |a Business research for decision making   |c Duane Davis. 
250 |a 5th ed. 
260 |a Pacific Grove:   |b Duxbury,   |c 2000. 
300 |a xxiv, 600 p.;   |c 23 cm. 
336 |a text  |2 rdacontent 
337 |a unmediated  |2 rdamedia 
338 |a volume  |2 rdacarrier 
490 0 |a Duxbury applied series 
650 0 0 |a Industrial management --   |x Research  
650 0 0 |a Decision making  
997 |a Business & Accountancy, Faculty 
999 |a 0000035822  |b BOK  |c OPEN SHELF  |e 1st Floor, Shah Alam